| 000 | 00824 a2200241 4500 | ||
|---|---|---|---|
| 999 |
_c128 _d128 |
||
| 003 | dpl | ||
| 005 | 20190924132143.0 | ||
| 008 | 190924b ||||| |||| 00| 0 eng d | ||
| 010 | _aENG-83838 | ||
| 020 |
_a8177649485 _c1500.00 |
||
| 035 | _aEN-67370, | ||
| 040 | _c0 | ||
| 082 | 0 | 0 | _a620 |
| 111 | 2 |
_aNational Conference on Precision Engineering _d2005; _cKolkata, India) |
|
| 245 | 1 | 0 |
_aCOPEN 2005: _bproceedings of the fourth National Conference on Precision Engineering, December 16-17, 2005, Kolkota, India / _cedited by B. Bhattacharyya |
| 260 |
_aNew Delhi _bAllied Publishers _c2005 |
||
| 300 |
_axviii, 483p, _bill. ; _c25 cm. (Hb) |
||
| 500 | _aIncluding bibliographic references and index | ||
| 650 | 0 | _aNanotechnology | |
| 650 | 0 | _aMicromachining | |
| 700 | 1 | _aBhattacharyya, B. | |
| 942 |
_cEN _k620 NAT _adpl _2ddc |
||